000 00827nam2a22002531 4500
001 RU\NLR\INFOCOMM4\1000434042
005 20250617054405.0
035 _a(NLR Aleph) 002496338
090 _a2554516
_c2554516
100 _a20040112d1990 |||y0rusy50 ca
101 0 _arus
102 _aRU
105 _ay |||||||||
200 1 _aБиоимитирующий катализ
_fЯцмирский А.К.
210 _d1990
_aБ. м.
461 0 _1001RU\NLR\INFOCOMM4\1000434025
_12001#$aБиоорганическая химия$vТ.17
_92554369
_cМ.
_d1984
_tБиоорганическая химия
_x0208-2306
_vТ.17
700 1 _aЯцмирский
_bА.К.
_4070
801 1 _aRU
_bInfoComm
_c20040112
801 0 _aRU
_bNLR
_gPSBO
852 _aNLR
_jП7/2049
942 _cISSUE
980 _aNB
980 _aRUSPER